Central Library OPAC University of Rajshahi

পূর্ণতা সন্ধানে আমেরিকা : (Record no. 37741)

MARC details
000 -LEADER
fixed length control field 01061nam a2200241 a 4500
001 - CONTROL NUMBER
control field 37741
003 - CONTROL NUMBER IDENTIFIER
rucl marc code BD-RjUL
005 - DATE AND TIME OF LATEST TRANSACTION
control field 20211209052638.0
008 - FIXED-LENGTH DATA ELEMENTS--GENERAL INFORMATION
fixed length control field 150427s1999 bg a|||| |||| 00| 0 ben d
035 ## - SYSTEM CONTROL NUMBER
System control number (BD-RjUL)37845
040 ## - CATALOGING SOURCE
Original cataloging agency BD-RjUL
Language of cataloging eng
Transcribing agency BD-RjUL
041 ## - LANGUAGE CODE
Language code of text/sound track or separate title eng
082 ## - DEWEY DECIMAL CLASSIFICATION NUMBER
Edition number 23
Classification number 973
Author mark and year BRP 1999
100 ## - MAIN ENTRY--PERSONAL NAME
Personal name ব্রিঙ্কলি, এল্যান
9 (RLIN) 116640
245 ## - TITLE STATEMENT
Title পূর্ণতা সন্ধানে আমেরিকা :
Remainder of title মার্কিন জাতির সংক্ষিপ্ত ইতিহাস
Statement of responsibility, etc. এল্যান ব্রিঙ্কলি ; অনুবাদ আফতাব হোসেন
250 ## - EDITION STATEMENT
Edition statement ১ম সং.
260 ## - PUBLICATION, DISTRIBUTION, ETC. (IMPRINT)
Place of publication, distribution, etc. ঢাকা :
Name of publisher, distributor, etc. বাংলা একাডেমী
Date of publication, distribution, etc. ১৯৯৯
300 ## - PHYSICAL DESCRIPTION
Pagination ২৮, ১২২৪ পৃ. :
Illustrations চিত্র ;
Size ২৪ সেমি.
650 ## - SUBJECT ADDED ENTRY--TOPICAL TERM
Topical term or geographic name as entry element যুক্তরাষ্ট্র
General subdivision ইতিহাস
9 (RLIN) 116641
Topical term or geographic name as entry element United States
General subdivision History.
9 (RLIN) 116642
700 ## - ADDED ENTRY--PERSONAL NAME
Personal name হোসেন, আফতাব
942 ## - ADDED ENTRY ELEMENTS (KOHA)
Source of classification or shelving scheme Dewey Decimal Classification
Koha item type Books
Holdings
Lost status Source of classification or shelving scheme Damaged status Not for loan Collection code Permanent Location Current Location Shelving location Date acquired Source of acquisition Cost, normal purchase price Total Checkouts Total Renewals Full call number Date last seen Date checked out Copy number Koha item type
  Dewey Decimal Classification     Non-fiction Central Library, University of Rajshahi Central Library, University of Rajshahi   16/11/2000 ঢাকা ইউনাইটেড স্টেট ইনফরমেশন সার্ভিস 540.00 14 2 B 973 BRP 1999 03/09/2016 29/08/2016 C-2 Books